Sports Quiz

Random Sports or State Quiz

Iowa State Men's Basketball Head coaches(1908-2012) Quiz Stats

 Plays Quiz not verified by Sporcle

Score 0/19 Timer 11:00
0 Plays Today
Years Coach % Correct
2010- CurrentFred Hoiberg
100%
1981-1994Johnny Orr
83.3%
2007-2010Greg McDermott
80.6%
1999-2003Larry Eustachy
77.8%
1995-1998Tim Floyd
72.2%
2004-2006Wayne Morgan
69.4%
1972-1974Maury John
33.3%
1977-1980Lynn Nance
33.3%
1975-1976Ken Trickey
27.8%
1929-1947Louis Menze
22.2%
Years Coach % Correct
1960-1971Glen Anderson
16.7%
1955-1959Bill Strannigan
13.9%
1916-1919H.H. Walters
11.1%
1921Maury Kent
11.1%
1922-1928Bill Chandler
11.1%
1912-1915Homer C. Hubbard
8.3%
1920R.N. Berryman
8.3%
1948-1954Clayton Sutherland
8.3%
1908-1911S. Clyde Willams
2.8%

You're not logged in!

Compare scores with friends on all Sporcle quizzes.
OR
Log In

Show Comments

Extras

Top Quizzes Today


Score Distribution

Your Account Isn't Verified!

In order to create a playlist on Sporcle, you need to verify the email address you used during registration. Go to your Sporcle Settings to finish the process.

Report this User

Report this user for behavior that violates our Community Guidelines.

Details: